| 000 | 00442nam a2200157Ia 4500 | ||
|---|---|---|---|
| 008 | 210716s2018 xx 000 0 und d | ||
| 020 | _a9789352807420 | ||
| 041 | _aeng | ||
| 082 | _a374.22 REND | ||
| 100 | _aRenner, Diana;Dsouza, Steven. | ||
| 245 |
_aNot doing: the art of effortless action. _bArt of effortless action. |
||
| 250 | _a1 | ||
| 260 |
_aNew Delhi _bSage Publications _c2018 |
||
| 300 | _a286 | ||
| 650 | _aGeneral Management | ||
| 999 |
_c211356 _d211356 |
||